Estatísticas para Rural Population in the United States

Clique aqui para jogar o quiz

Estatísticas Gerais

  • Esse quiz foi jogado 7 vezes
  • A pontuação média é 11 de 20

Estatísticas das Respostas

HintClassificationResposta% Correto
50,3%4Mississippi
83%
43,6%5Montana
83%
5,8%48Nevada
83%
11,9%41New York
83%
9,4%43Utah
83%
40,6%8Alabama
67%
43,4%6Arkansas
67%
61,6%1Maine
67%
61,3%2Vermont
67%
10,1%42Arizona
50%
4,9%50California
50%
8,7%45Florida
50%
8%46Massachusetts
50%
7,5%47Hawaii
33%
39,9%9New Hampshire
33%
5,3%49New Jersey
33%
39,4%10North Dakota
33%
9,3%44Rhode island
33%
42,9%7South Dakota
33%
51%3West Virginia
33%

Distribuição das Pontuações

Percentil de Números Respondidos

Porcentagem de Pessoas com Cada Pontuação

Sua Pontuação Histórica

Você não jogou esse quiz